Dynamický investičný model adjustácie

Konštrukcia dynamického modelu adjustácie investícií na rovnovážnu úroveň (žiaducu úroveň). Model dokumentuje, že hlboká analýza ekonomickej reality vyžaduje veľké úsilie a aj vhodný nástroj analýzy. Dôkladná matematická formulácia ekonomického problému je významným zdrojom poznatkov možného správan...

Ausführliche Beschreibung

Gespeichert in:
Bibliographische Detailangaben
1. Verfasser: Husár, Jaroslav
Format: Buchkapitel
Sprache:Slowakisch
Schlagworte:
Tags: Tag hinzufügen
Keine Tags, Fügen Sie das erste Tag hinzu!

MARC

LEADER 00000nla$a2200000$$$4500
001 0088192
005 20240502072004.7
041 0 |a slo 
044 |a SK 
245 1 0 |a Dynamický investičný model adjustácie  |c Jaroslav Husár 
520 |a Konštrukcia dynamického modelu adjustácie investícií na rovnovážnu úroveň (žiaducu úroveň). Model dokumentuje, že hlboká analýza ekonomickej reality vyžaduje veľké úsilie a aj vhodný nástroj analýzy. Dôkladná matematická formulácia ekonomického problému je významným zdrojom poznatkov možného správania reality. Iba dôkladná znalosť vlastností modelu (napr. v našom modeli korene môžu byť reálne a rôzne, alebo komplexné) analytikovi umožňujú uvažovať alternatívne, hlavne čo sa týka dráhy pohybu makroekonomických veličín. V úvahách autor zdôrazňuje, že model je taká konštrukcia, ktorá mimoriadne pomáha v oblasti teoretického uvažovania. 
610 2 0 |a modelovanie 
610 2 0 |a modely dynamické 
610 2 0 |a investície 
100 1 |a Husár, Jaroslav